[Event "StM 2004"]
[Site "Hartberg"]
[Date "2004.??.??"]
[Round "8.3"]
[White "Nagy, Laura"]
[Black "Horvath, Maria"]
[Result "1/2-1/2"]
[WhiteElo "1716"]
[BlackElo "2080"]
[PlyCount "43"]
[EventDate "2004.??.??"]

1. e4 c5 2. g3 Nc6 3. Bg2 g6 4. Ne2 Bg7 5. O-O d6 6. Nbc3 e6 7. d3 Nge7 8. Bf4
O-O 9. Qd2 Nd4 10. Nxd4 cxd4 11. Ne2 e5 12. Bh6 Bxh6 13. Qxh6 Bg4 14. Qd2 Rc8
15. c4 Qd7 16. f4 Rc7 17. a4 f5 18. h3 Bh5 19. fxe5 dxe5 20. exf5 gxf5 21. g4
Bg6 22. gxf5 1/2-1/2

[Event "StM 2004"]
[Site "Hartberg"]
[Date "2004.07.31"]
[Round "8.4"]
[White "Unger, Eva"]
[Black "Galambfalvy, Monika"]
[Result "1/2-1/2"]
[WhiteElo "2061"]
[BlackElo "1704"]
[PlyCount "74"]
[EventDate "2004.??.??"]

1. d4 f5 2. c4 Nf6 3. Nc3 e6 4. Nf3 Be7 5. Qc2 O-O 6. g3 b6 7. Bg2 Bb7 8. O-O
d6 9. Rd1 Qc8 10. d5 exd5 11. Nxd5 Nxd5 12. cxd5 c6 13. dxc6 Bxc6 14. Qb3+ Kh8
15. Bf4 Nd7 16. Bxd6 Nc5 17. Qb4 Bxd6 18. Rxd6 Ne4 19. Rd4 Qb7 20. Rb1 a5 21.
Qa3 Nf6 22. h3 Rae8 23. Bf1 Qa8 24. Nh4 Ne4 25. e3 Qb8 26. Qb3 Rf6 27. Qc2 Ref8
28. Qd3 Qe8 29. Qe2 Qe5 30. Kh2 Qe7 31. Bg2 g5 32. Nf3 g4 33. Nh4 gxh3 34. Bxh3
Ng5 35. Rf4 Nxh3 36. Kxh3 Qf7 37. b3 Be4 1/2-1/2

[Event "StM 2004"]
[Site "Hartberg"]
[Date "2004.07.31"]
[Round "8.5"]
[White "Klinger, Michaela"]
[Black "Prager, Andrea"]
[Result "1-0"]
[WhiteElo "1698"]
[BlackElo "1454"]
[PlyCount "49"]
[EventDate "2004.??.??"]

1. e4 d6 2. d4 g6 3. c4 Bg7 4. Nc3 Nf6 5. Bf4 O-O 6. Qd2 c5 7. d5 e6 8. dxe6
Bxe6 9. Qxd6 Qxd6 10. Bxd6 Rc8 11. Bd3 b6 12. e5 Nh5 13. Nge2 Nc6 14. f4 Nd4
15. Rc1 Nxe2 16. Nxe2 Rd8 17. Be4 Rac8 18. Bb7 Bh6 19. Bxc8 Rxc8 20. g3 Ng7 21.
Kf2 Nf5 22. Rhd1 Bf8 23. Bxf8 Kxf8 24. g4 Ne7 25. h3 1-0

[Event "StM 2004"]
[Site "Hartberg"]
[Date "2004.07.31"]
[Round "8.6"]
[White "Beyer, Edith"]
[Black "Kopinits, Silvia"]
[Result "0-1"]
[WhiteElo "1436"]
[BlackElo "1566"]
[PlyCount "34"]
[EventDate "2004.??.??"]

1. c4 f5 2. e3 Nf6 3. Nc3 e6 4. d3 Be7 5. Be2 O-O 6. Nf3 c6 7. O-O d6 8. b3
Nbd7 9. Bb2 b6 10. Nd2 Bb7 11. f3 d5 12. e4 Bc5+ 13. Kh1 f4 14. Ncb1 Be3 15. d4
Nh5 16. Qe1 Qg5 17. g4 fxg3 0-1

[Event "StM 2004"]
[Site "Hartberg"]
[Date "2004.07.31"]
[Round "8.7"]
[White "Mayer, Michaela"]
[Black "Schwaninger, Ulrike"]
[Result "0-1"]
[WhiteElo "1541"]
[BlackElo "2008"]
[PlyCount "72"]
[EventDate "2004.??.??"]

1. d4 g6 2. e4 Bg7 3. f4 d6 4. Nf3 Nd7 5. Nc3 c6 6. Be3 e6 7. Be2 Ne7 8. O-O
O-O 9. Qd2 Qc7 10. Kh1 Nf6 11. Rad1 b5 12. e5 Nfd5 13. Nxd5 Nxd5 14. c3 Nxe3
15. Qxe3 d5 16. Bd3 Bd7 17. Qd2 c5 18. Rc1 a5 19. Qe2 c4 20. Bb1 Rfb8 21. Bc2
Bf8 22. Qf2 Qd8 23. Qg3 Be7 24. Rfe1 Kg7 25. Re3 b4 26. b3 bxc3 27. Rxc3 Bb4
28. Re3 Rc8 29. Rd1 cxb3 30. Bxb3 a4 31. a3 axb3 32. axb4 Ba4 33. Rb1 Qb6 34.
Rd3 Qxb4 35. Nd2 b2 36. Rb3 Rc1+ 0-1

[Event "StM 2004"]
[Site "Hartberg"]
[Date "2004.07.31"]
[Round "8.8"]
[White "Molnar, Monika"]
[Black "Almert, Margit"]
[Result "1-0"]
[WhiteElo "1970"]
[BlackElo "1521"]
[PlyCount "107"]
[EventDate "2004.??.??"]

1. e4 e5 2. Nf3 Nc6 3. Bb5 d6 4. O-O Bd7 5. Re1 Nf6 6. c3 a6 7. Ba4 Be7 8. d4
O-O 9. Nbd2 b5 10. Bc2 Re8 11. Nf1 Qc8 12. Ng3 h6 13. Qd3 Bg4 14. Nh4 Nh5 15.
Nhf5 Nxg3 16. Nxe7+ Nxe7 17. Qxg3 Qe6 18. Bb3 Qg6 19. dxe5 dxe5 20. h3 Be6 21.
Bxe6 Qxg3 22. Bxf7+ Kxf7 23. fxg3 Rf8 24. Be3 Rad8 25. Rad1 Ke6 26. Bc5 Rd7 27.
Rxd7 Kxd7 28. Rd1+ Ke6 29. b3 Rf7 30. Rd8 Nc6 31. Rd5 a5 32. Be3 Ne7 33. Rxb5
Nc6 34. Rc5 Kd6 35. Rd5+ Ke6 36. Bc5 g6 37. Ba3 h5 38. Rc5 Kd7 39. Bb2 Re7 40.
Rd5+ Ke6 41. c4 Re8 42. Rc5 Kd7 43. Bc3 Ra8 44. Bxe5 Nxe5 45. Rxe5 Ra6 46. Kf2
a4 47. b4 Rd6 48. Rd5 c6 49. Rxd6+ Kxd6 50. Ke3 g5 51. a3 Ke5 52. b5 cxb5 53.
cxb5 Kd6 54. Kd4 1-0

[Event "StM 2004"]
[Site "Hartberg"]
[Date "2004.??.??"]
[Round "9.1"]
[White "Mira, Helene"]
[Black "Klinger, Michaela"]
[Result "1-0"]
[WhiteElo "2144"]
[BlackElo "1698"]
[PlyCount "81"]
[EventDate "2004.??.??"]

1. Nf3 d5 2. c4 Nf6 3. cxd5 Nxd5 4. d4 e6 5. e4 Nf6 6. Nc3 c5 7. d5 exd5 8.
exd5 a6 9. a4 Bd6 10. Bg5 O-O 11. Be2 Nbd7 12. O-O Qc7 13. a5 Ng4 14. h3 Nge5
15. Nd2 h6 16. Be3 Nf6 17. Nde4 Nxe4 18. Nxe4 Bf5 19. Nxd6 Qxd6 20. f4 Nd7 21.
Bf3 Rfe8 22. Qd2 Nf6 23. Rac1 Rac8 24. Rc4 Ne4 25. Qc1 Qxd5 26. g4 Bd7 27. Rd1
Qc6 28. Bxe4 Rxe4 29. Rxe4 Qxe4 30. Rxd7 Qb4 31. Qd2 Qb5 32. Qd5 Qxb2 33. Qxf7+
Kh8 34. Rxb7 Qa1+ 35. Kf2 c4 36. f5 Qf6 37. Qxf6 gxf6 38. Ke2 c3 39. Kd1 c2+
40. Kc1 Rc3 41. Bd4 1-0

[Event "StM 2004"]
[Site "Hartberg"]
[Date "2004.??.??"]
[Round "9.2"]
[White "Klinkan, Elisabeth"]
[Black "Kopinits, Silvia"]
[Result "0-1"]
[WhiteElo "2004"]
[BlackElo "1566"]
[PlyCount "92"]
[EventDate "2004.??.??"]

1. d4 d5 2. Nf3 Bf5 3. c4 c6 4. Nc3 e6 5. e3 Nf6 6. Be2 Be7 7. O-O Nbd7 8. b3
Ne4 9. Bb2 O-O 10. Ne1 Ndf6 11. f3 Nxc3 12. Bxc3 a5 13. a3 Qc7 14. c5 Nd7 15.
b4 axb4 16. axb4 e5 17. Nd3 exd4 18. exd4 Bf6 19. Qd2 b6 20. Nf2 b5 21. Bd3
Bxd3 22. Qxd3 Bg5 23. Nh3 Bh6 24. Ra5 Ra7 25. Rfa1 Rfa8 26. Be1 g6 27. Bg3 Qb7
28. Qe2 Bf8 29. Qa2 Rxa5 30. bxa5 Bg7 31. Rd1 Nf8 32. Nf4 Ra6 33. Bf2 Qc7 34.
Nd3 Rxa5 35. Qb3 Ra4 36. Nb2 Ra6 37. Nd3 Ne6 38. Nb4 Ra4 39. Nxd5 cxd5 40. Qxb5
Rc4 41. Qe8+ Nf8 42. Qa8 Qd7 43. Kf1 h6 44. h4 Kh7 45. Rb1 Qf5 46. Re1 Ne6 0-1

[Event "StM 2004"]
[Site "Hartberg"]
[Date "2004.??.??"]
[Round "9.3"]
[White "Nagy, Laura"]
[Black "Hackbarth, Christa"]
[Result "1-0"]
[WhiteElo "1716"]
[BlackElo "1897"]
[PlyCount "57"]
[EventDate "2004.??.??"]

1. e4 c6 2. d4 d5 3. Nc3 dxe4 4. Nxe4 Bf5 5. Ng3 Bg6 6. h4 h6 7. Nf3 Nd7 8. h5
Bh7 9. Bd3 Bxd3 10. Qxd3 e6 11. Bd2 Ngf6 12. Ne4 Nxe4 13. Qxe4 Nf6 14. Qd3 Bd6
15. g3 Qc7 16. Rh4 O-O-O 17. O-O-O Kb8 18. Qb3 Rhe8 19. Bb4 c5 20. dxc5 Bxc5
21. Rxd8+ Rxd8 22. Be1 Qd6 23. Bd2 Bxf2 24. Bf4 Bxg3 25. Bxd6+ Rxd6 26. Rd4
Nxh5 27. Qb4 Kc7 28. Qc5+ Rc6 29. Qxh5 1-0

[Event "StM 2004"]
[Site "Hartberg"]
[Date "2004.08.01"]
[Round "9.4"]
[White "Horvath, Maria"]
[Black "Molnar, Monika"]
[Result "1-0"]
[WhiteElo "2080"]
[BlackElo "1970"]
[PlyCount "77"]
[EventDate "2004.??.??"]

1. d4 d5 2. c4 e6 3. Nc3 Nf6 4. cxd5 exd5 5. Bg5 Be7 6. e3 O-O 7. Bd3 h6 8. Bh4
c6 9. Qc2 Re8 10. Nf3 Ne4 11. Bxe7 Qxe7 12. O-O Nd7 13. Rab1 Ndf6 14. b4 a6 15.
a4 Nxc3 16. Qxc3 Ne4 17. Qc2 Qf6 18. Rfc1 Bh3 19. Ne5 Qg5 20. f4 Qh4 21. Bxe4
dxe4 22. gxh3 Qxh3 23. Qf2 f6 24. Nc4 Rad8 25. Qg3 Qh5 26. Nb6 Rd6 27. Rb2 f5
28. Rg2 Qf7 29. Nc4 Rf6 30. Ne5 Qe7 31. Rc5 Rc8 32. b5 axb5 33. axb5 Ra8 34. h3
cxb5 35. Rxb5 Kh7 36. Qe1 Ra7 37. Qb4 Ra1+ 38. Kh2 Qc7 39. Rxb7 1-0

[Event "StM 2004"]
[Site "Hartberg"]
[Date "2004.08.01"]
[Round "9.5"]
[White "Unger, Eva"]
[Black "Mayer, Michaela"]
[Result "0-1"]
[WhiteElo "2061"]
[BlackElo "1541"]
[PlyCount "84"]
[EventDate "2004.??.??"]

1. d4 d5 2. c4 e6 3. Nc3 Nf6 4. Qc2 Nbd7 5. Bg5 Be7 6. e3 O-O 7. Nf3 c6 8. a4
Qc7 9. Bf4 Bd6 10. Bxd6 Qxd6 11. c5 Qc7 12. Bd3 b6 13. b4 e5 14. e4 exd4 15.
Nxd4 bxc5 16. Ne6 fxe6 17. bxc5 Nxc5 18. exd5 Nxd3+ 19. Qxd3 exd5 20. O-O a5
21. Qd4 c5 22. Nxd5 Qd6 23. Nxf6+ Rxf6 24. Qe4 Rh6 25. g3 Rb8 26. Rad1 Re6 27.
Qh4 Qe7 28. Qf4 Rb4 29. Qc1 Bb7 30. Qc3 h6 31. Rc1 Qf7 32. f3 Re2 33. Qd3 Qe7
34. Rf2 Rxf2 35. Kxf2 Kh8 36. Re1 Qf7 37. Qd8+ Kh7 38. Qd3+ Qg6 39. Qc3 Rxa4
40. Re7 Ba6 41. h4 Ra2+ 42. Kg1 Qxg3+ 0-1

[Event "StM 2004"]
[Site "Hartberg"]
[Date "2004.08.01"]
[Round "9.6"]
[White "Prager, Andrea"]
[Black "Schwaninger, Ulrike"]
[Result "0-1"]
[WhiteElo "1454"]
[BlackElo "2008"]
[PlyCount "40"]
[EventDate "2004.??.??"]

1. Nf3 d5 2. g3 c5 3. Bg2 Nc6 4. d3 Nf6 5. O-O e6 6. c4 Be7 7. Nc3 O-O 8. b3 b6
9. Bb2 Bb7 10. Nb5 a6 11. Na3 Qc7 12. Nc2 Rad8 13. d4 dxc4 14. bxc4 cxd4 15.
Qc1 e5 16. Ng5 h6 17. Ne4 Nxe4 18. Bxe4 Na5 19. Bxb7 Qxb7 20. Nb4 Bxb4 0-1

[Event "StM 2004"]
[Site "Hartberg"]
[Date "2004.08.01"]
[Round "9.7"]
[White "Galambfalvy, Monika"]
[Black "Beyer, Edith"]
[Result "1-0"]
[WhiteElo "1704"]
[BlackElo "1436"]
[PlyCount "97"]
[EventDate "2004.??.??"]

1. e4 c5 2. Nc3 e5 3. Bc4 Nf6 4. Nf3 d6 5. d3 Be7 6. Nd5 O-O 7. h3 a6 8. a4 Be6
9. Ne3 Nbd7 10. Bd2 Nb6 11. Bxe6 fxe6 12. Ba5 Nfd7 13. c3 Qe8 14. Qb3 Bd8 15.
Rd1 h6 16. O-O Kh7 17. Nh2 Qg6 18. Qc2 Bg5 19. Rde1 Nc8 20. c4 b6 21. Bd2 h5
22. Kh1 Ne7 23. Nf3 Bxe3 24. Bxe3 Rxf3 25. gxf3 h4 26. Rg1 Qf7 27. Qe2 Rf8 28.
Rg4 Ng6 29. Reg1 Qxf3+ 30. Qxf3 Rxf3 31. Kh2 Nf4 32. Rxg7+ Kh6 33. Bxf4+ exf4
34. Rxd7 Rxf2+ 35. Rg2 Rf1 36. Rxd6 f3 37. Rxe6+ Kh5 38. Re5+ Kh6 39. Rg4 Rf2+
40. Kg1 Rxb2 41. Rxh4+ Kg6 42. Rg4+ Kh6 43. Rf5 Ra2 44. Rxf3 Rxa4 45. Rf6+ Kh7
46. Rxb6 a5 47. Rb5 Ra3 48. Rxc5 a4 49. Rh5# 1-0

[Event "StM 2004"]
[Site "Hartberg"]
[Date "2004.08.01"]
[Round "9.8"]
[White "Vokroj, Gabriela"]
[Black "Almert, Margit"]
[Result "1-0"]
[WhiteElo "1732"]
[BlackElo "1521"]
[PlyCount "77"]
[EventDate "2004.??.??"]

1. Nf3 Nc6 2. g3 e5 3. d3 d5 4. Nbd2 Bd6 5. e4 Nf6 6. Bg2 Bg4 7. h3 dxe4 8.
dxe4 Be6 9. O-O h6 10. c3 Qd7 11. Kh2 O-O 12. Qe2 Ne8 13. Nc4 f5 14. exf5 Bxf5
15. Nfxe5 Bxe5 16. Nxe5 Qe6 17. f4 Rd8 18. Re1 Bd3 19. Nxd3 Qxe2 20. Rxe2 Rxd3
21. Bxc6 bxc6 22. Be3 Nd6 23. Bxa7 Nf5 24. Bf2 Rfd8 25. Rae1 Rf3 26. Re8+ Rxe8
27. Rxe8+ Kf7 28. Re2 Rd3 29. g4 Nd6 30. f5 Rd1 31. Bg3 Ra1 32. a3 Nc4 33. Bxc7
Rb1 34. Kg3 Nxb2 35. Bd6 Nc4 36. Bb4 Rb3 37. Re7+ Kg8 38. Re8+ Kf7 39. Rf8# 1-0